Online
Catalog

Para vivir en la tierra : (Record no. 19089)

MARC details
000 -CABECERA
campo de control de longitud fija 00973nam a2200241 a 4500
001 - NÚMERO DE CONTROL
campo de control 000019573
005 - FECHA Y HORA DE LA ÚLTIMA TRANSACCIÓN
campo de control 20200929170049.0
008 - DATOS DE LONGITUD FIJA--INFORMACIÓN GENERAL
campo de control de longitud fija 100630s1973 ag 001 0 spa d
040 ## - FUENTE DE LA CATALOGACIÓN
Centro catalogador/agencia de origen DO-SdBNP
Lengua de catalogación spa
Centro/agencia transcriptor BNPHU
041 17 - CÓDIGO DE LENGUA
Código de lengua del texto/banda sonora o título independiente spa
Código de lengua original eng
Fuente del código Código de idioma MARC
082 ## - NÚMERO DE LA CLASIFICACIÓN DECIMAL DEWEY
Número de clasificación nnnn
Número de documento/Ítem B886p
049 ## - FONDOS LOCALES (OCLC)
Fondos de biblioteca BNGR
100 1# - ENTRADA PRINCIPAL--NOMBRE DE PERSONA
Nombre de persona Brubaker, Sterling,
9 (RLIN) 41990
240 10 - TÍTULO UNIFORME
Título uniforme To live on earth. Man and his environment in perspective.
Lenguaje de la obra Español.
245 10 - MENCIÓN DE TÍTULO
Título Para vivir en la tierra :
Resto del título equilibrio demográfico - recursos para el futuro /
Mención de responsabilidad, etc. Sterling Brubaker ; traducción de Francisco J. Perea.
260 ## - PUBLICACIÓN, DISTRIBUCIÓN, ETC.
Lugar de publicación, distribución, etc. Argentina :
Nombre del editor, distribuidor, etc. Pax ;
-- México :
-- Librería Carlos Césarman,
Fecha de publicación, distribución, etc. 1973.
300 ## - DESCRIPCIÓN FÍSICA
Extensión 290 p. ;
Dimensiones 21 cm.
490 1# - MENCIÓN DE SERIE
Mención de serie Ecológica
534 ## - NOTA SOBRE LA VERSIÓN ORIGINAL
Frase introductoria Título original en inglés:
Mención de título del original To live on earth. Man and his environment in perspective.
Publicación, distribución, etc. del original Washington : Reservas para el futuro.
500 ## - NOTA GENERAL
Nota general Incluye índice
700 1# - PUNTO DE ACCESO ADICIONAL--NOMBRE DE PERSONA
Nombre de persona Perea, Francisco J.,
Término indicativo de función/relación tr.
9 (RLIN) 41991
830 #0 - PUNTO DE ACCESO ADICIONAL DE SERIE-TÍTULO UNIFORME
Título uniforme Ecológica
9 (RLIN) 41992
Holdings
Estado de retiro Estado de pérdida Restricciones de uso No para préstamo Código de colección Localización permanente Ubicación/localización actual Ubicación en estantería Fecha de adquisición Número de inventario Total de préstamos Signatura topográfica completa Código de barras Fecha visto por última vez Precio válido a partir de Tipo de ítem Koha
        Monografías: Libros y Folletos General General En catalogación 30.06.2010 LF1   nnnn B886p 19573-10 25.06.2020 25.06.2020 Préstamo en sala

Powered by Koha